00531 2200181 4500001002100000008004100021035002000062245007500082100002800157260004300185300002100228020002200249084001600271082001100287650001300298990001900311990001900330INLIS000000000000461 ind  a0010-0625000129 aImam Syafi'i, Kehidupan, Sifat dan PendapatnyacAbdul Aziz Asy-Syinawi aAsy-Syinawi, Abdul Aziz aSolo.bPT Aqwam Media Profetika,c2013 a336 hlm.c23 cm. a978-979-039-396-7 a923.2 NUR m a297.92 aBiografi a2109/MP.H/2013 a2110/MP.H/2013